000 00637nam a22002417a 4500
001 BR6000549
003 BR-BrBNA
005 20240701145058.0
008 230509b bl.||||| |||| 00| 0 por d
040 _aBR-BrBNA
_bpor
041 _a(Por)
072 _aC00
_b/G514
090 _aC00
_bBR6000549
110 1 _aAssociação de Credito e Assistência Rural do Estado do Para
_9493
245 1 _aExtensão rural no Pará /
260 3 _aBelem, PA (Brasil):
_c[nd].
300 _a6 p.
650 _aExtensao rural
650 _aPara
909 _a07/2024
_bsarah
942 _cBK
999 _c11205
_d11205